Taishō Shōwa keizai hensen no kansatsu to hyōron,

Saved in:
书目详细资料
主要作者: Takahashi, Kamekichi, 1894-1977.
格式: 图书
语言:Japanese
出版: Tōkyō, Tōshi Keizaisha, Shōwa 42 (1967)
主题:
标签: 添加标签
没有标签, 成为第一个标记此记录!
LEADER 01257nam a2200253u 4500
001 007765738-1
005 20024617120653.0
008 930727s1967 ja 000 0 jpn d
035 0 |a ocm28521218 
040 |a MoSW  |c MoSW  |d *YNH*  |d CStRLIN 
100 1 |6 880-01  |a Takahashi, Kamekichi,  |d 1894-1977. 
245 1 0 |6 880-02  |a Taishō Shōwa keizai hensen no kansatsu to hyōron,  |c Takahashi Kamekichi. 
260 |6 880-03  |a Tōkyō,  |b Tōshi Keizaisha,  |c Shōwa 42 (1967) 
300 |a 243, 156 p.  |c 22 cm. 
500 |a Honsho [wa] Taishō 13-nen kara Shōwa 41-nen made no Takahashi Kamekichi no chosho yaku 100-satsu no jobun to mokuji o shūrokushita mono. 
500 |@ $1  |a 本書[は]大正13年から昭和41年までの高橋亀吉の著書約100冊の序文と目次を集錄したもの. 
500 |6 880-04  |a Furoku: Takahashi Kamekichi no chosho yaku 100-satsu no jobun to mokuji o shūroku shita mono. 
651 0 |a Japan  |x Economic conditions  |y 20th century. 
880 1 |6 100-01  |a 高橋亀吉,  |d 1894-1977. 
880 1 0 |6 245-02  |a 大正・昭和経済変遷の観察と評論,  |c 高橋亀吉. 
880 |6 260-03  |a 東京,  |b 投資経済社,  |c 昭和42 (1967) 
880 |6 500-04  |a 附錄: 高橋亀吉著書目錄: p. 241-243. 
988 |a 20021217 
906 |0 OCLC